00531nam a22001577a 4500003000900000005001700009008004100026040001300067100002700080245013600107250001200243260003400255300002000289490003700309520002700346IT-RoPau20220918175937.0121217b xxu||||| |||| 00| 0 eng d cIT-RoPau aAlberione Giacomocssp aAlle Pie Discepole del Divin Maestro 1961.bRaccolta di meditazioni e istruzioni trascritte dalle registrazioni su nastro magnetico a1° ed. aRoma bEdizioni Paolinec1987 a318 p.c21,5 cm aOpera Omnia (serie blu)vvol. VI aINDICE GENERALE INDICI